000 00461nam a2200181Ia 4500
008 230711s9999||||xx |||||||||||||| ||und||
020 _a978-93-5051-468-9
041 _aENG
082 _a658
_bMA-P
100 _aMamoria,C.B
245 0 _aPersonnal management ( text and cases )
250 _a13th Ed.
260 _c2010
_aNew Delhi
_bHimalaya Publishing House
300 _a852
650 _aUNIVESITY BUSNIESS SCHOOL
700 _aRao,V.S.P
942 _cBK
999 _c5153
_d5153